| 000 | 00896nam a22002657a 4500 | ||
|---|---|---|---|
| 005 | 20140303120922.0 | ||
| 008 | 030923s2002 ck a r 00010 spa d | ||
| 020 | _a9587012615 | ||
| 041 | 0 | _aspa | |
| 044 | _ack | ||
| 082 | 0 | 4 |
_a333.72 _bI62h |
| 245 | 0 | 0 | _aHerramientas para la bioprospección / |
| 260 |
_aBogotá _bUniversidad Nacional de Colombia, Departamento de Biología _bInvemar _c2002 |
||
| 300 |
_a42 p. : _bil. ; _c28 cm. |
||
| 500 | _aGlosario : p. 41. | ||
| 650 |
_aConservación de los recursos naturales _zColombia _913445 |
||
| 650 | 6 |
_aRecursos naturales _zColombia _913446 |
|
| 650 |
_aCalidad de vida. _91280 |
||
| 650 |
_aProtección del medio ambiente _zColombia _913447 |
||
| 650 | 6 |
_aBioprospección _913448 |
|
| 700 | 1 |
_aHernández, Luz Aliette _913449 |
|
| 700 | 1 |
_aValero, Nelson Osvaldo _913450 |
|
| 700 | 1 |
_aMelgarejo, Luz Marina _913451 |
|
| 942 |
_2ddc _cImpreso |
||
| 999 |
_c8199 _d8199 |
||